[Event "LiSB-ch C"]
[Site "Sittard"]
[Date "2003.12.06"]
[Round "5"]
[White "Palm, Hans"]
[Black "Ketzer, Sander"]
[Result "0-1"]
[WhiteElo "1444"]
[BlackElo "1481"]
[PlyCount "86"]
[EventDate "2003.11.29"]
[EventType "swiss"]
[EventRounds "7"]
[EventCountry "NED"]
[SourceTitle "EXT 2009"]
[Source "ChessBase"]
[SourceDate "2008.11.26"]
[SourceVersion "1"]
[SourceVersionDate "2008.11.26"]
[SourceQuality "1"]

1. d4 d5 2. Nf3 e6 3. Bf4 Bd6 4. Bxd6 Qxd6 5. e3 c5 6. Bb5+ Bd7 7. Bxd7+ Nxd7 8. c3 Ngf6 9. Nbd2 0-0 10. Rc1 Nb6 11. Nb3 cxd4 12. cxd4 Nc4 13. Rc2 Qb4+ 14. Nfd2 Ne4 15. 0-0 Nexd2 16. Nxd2 Nxb2 17. Qb1 Nd3 18. Qxb4 Nxb4 19. Rb2 Nc6 20. Rxb7 Rfb8 21. Rfb1 Kf8 22. g3 a5 23. Rxb8+ Rxb8 24. Rxb8+ Nxb8 25. Nb3 a4 26. Nc5 a3 27. Kf1 Nc6 28. Ke1 Nb4 29. Nb3 Nxa2 30. Kd2 Nb4 31. Kc3 Na2+ 32. Kc2 Ke7 33. Na1 Kd6 34. Kb3 Nc1+ 35. Kxa3 Nd3 36. f4 Nf2 37. Nb3 Ng4 38. h3 Nxe3 39. Nd2 Nf5 40. Nf3 Nxg3 41. Ng5 f6 42. Nf3 Ne2 43. Kb3 Nxf4 0-1

[Event "LiSB-ch C"]
[Site "Sittard"]
[Date "2003.11.29"]
[Round "2"]
[White "Ketzer, Sander"]
[Black "Janssen, Maurice"]
[Result "0-1"]
[WhiteElo "1481"]
[BlackElo "1635"]
[PlyCount "36"]
[EventDate "2003.11.29"]
[EventType "swiss"]
[EventRounds "7"]
[EventCountry "NED"]
[SourceTitle "EXT 2009"]
[Source "ChessBase"]
[SourceDate "2008.11.26"]
[SourceVersion "1"]
[SourceVersionDate "2008.11.26"]
[SourceQuality "1"]

1. e4 e5 2. Nf3 Nc6 3. Bc4 Bc5 4. 0-0 d6 5. h3 Nf6 6. d3 h6 7. Nc3 0-0 8. a3 Be6 9. Ba2 Bxa2 10. Rxa2 d5 11. exd5 Nxd5 12. Nxd5 Qxd5 13. Ra1 Rad8 14. Re1 e4 15. Rxe4 Qxe4 16. dxe4 Rxd1+ 17. Kh2 Bxf2 18. b4 Re8 0-1

[Event "LiSB-ch C"]
[Site "Sittard"]
[Date "2003.11.29"]
[Round "1"]
[White "Ploumen, Ralf"]
[Black "Ketzer, Sander"]
[Result "0-1"]
[WhiteElo "1662"]
[BlackElo "1481"]
[PlyCount "106"]
[EventDate "2003.11.29"]
[EventType "swiss"]
[EventRounds "7"]
[EventCountry "NED"]
[SourceTitle "EXT 2009"]
[Source "ChessBase"]
[SourceDate "2008.11.26"]
[SourceVersion "1"]
[SourceVersionDate "2008.11.26"]
[SourceQuality "1"]

1. e4 e5 2. Nf3 Nc6 3. Bc4 h6 4. 0-0 d6 5. Nc3 Nf6 6. b3 Bg4 7. h3 Bh5 8. Bb2 a6 9. Nd5 Nxe4 10. Re1 Ng5 11. g4 Nxf3+ 12. Qxf3 Bg6 13. Rac1 Be7 14. Nxe7 Qxe7 15. Bd5 Qd7 16. d4 0-0 17. Bxc6 Qxc6 18. Qxc6 bxc6 19. dxe5 Rfe8 20. exd6 Rxe1+ 21. Rxe1 cxd6 22. c4 d5 23. Re7 dxc4 24. b4 a5 25. Bc3 axb4 26. Bxb4 Rxa2 27. Rc7 Be4 28. Rc8+ Kh7 29. Rc7 Bd5 30. Re7 Rb2 31. Bc3 Rb3 32. Re3 Rb1+ 33. Kh2 Rh1+ 34. Kg3 Rg1+ 35. Kh2 Rg2+ 36. Kh1 Rxf2+ 37. Kg1 Rg2+ 38. Kf1 Rh2 39. Kg1 Rh1+ 40. Kf2 Kg6 41. Kg3 Rg1+ 42. Kf2 Rg2+ 43. Kf1 Rc2 44. Kg1 Rc1+ 45. Kh2 Rd1 46. Re2 Rd3 47. Rc2 Kh7 48. Bb4 Rd1 49. Kg3 Kg6 50. Bd2 Rg1+ 51. Kh4 Kh7 52. Rc3 Rd1 53. Bf4 g5+ 0-1